logo

Bir Sreshtho Munshi Abdur Rouf Library
Jhenaidah Cadet College

Subject and structure : (Record no. 9315)

MARC details
000 -LEADER
fixed length control field 00744cam a2200265 i 4500
001 - CONTROL NUMBER
JCCL Control Number 9315
003 - CONTROL NUMBER IDENTIFIER
JCCL marc code BD-JhCC
005 - DATE AND TIME OF LATEST TRANSACTION
control field 20180312193631.0
008 - FIXED-LENGTH DATA ELEMENTS--GENERAL INFORMATION
fixed length control field 780127s1978 mau 000 0 eng
035 ## - SYSTEM CONTROL NUMBER
system control number (BD-JhCC)9315
040 ## - CATALOGING SOURCE
Original cataloging agency DLC
Transcribing agency DLC
Modifying agency DLC
-- BD-JhCC
041 ## - LANGUAGE CODE
Language code of Book eng
050 00 - LIBRARY OF CONGRESS CALL NUMBER
Classification number PE1122
Item number .W3 1978
082 00 - DEWEY DECIMAL CLASSIFICATION NUMBER
Classification number 808/.0427
DDC Edition number 19
Author mark and Year WAS 1978
100 1# - MAIN ENTRY--PERSONAL NAME
Personal name Wasson, John M.,
245 10 - TITLE STATEMENT
Title Subject and structure :
Remainder of title an anthology for writers /
Statement of responsibility, etc John M. Wasson.
250 ## - EDITION STATEMENT
Edition statement 6th ed.
260 ## - PUBLICATION, DISTRIBUTION, ETC. (IMPRINT)
Place of publication, distribution, etc Boston :
Name of publisher, distributor, etc Little, Brown,
Date of publication, distribution, etc c1978.
300 ## - PHYSICAL DESCRIPTION
Pagination xvi, 553 p. ;
Dimensions 23 cm.
650 #0 - SUBJECT ADDED ENTRY--TOPICAL TERM
Topical term or geographic name as entry element College readers.
650 #0 - SUBJECT ADDED ENTRY--TOPICAL TERM
Topical term or geographic name as entry element Report writing
General subdivision Problems, exercises, etc.
650 #0 - SUBJECT ADDED ENTRY--TOPICAL TERM
Topical term or geographic name as entry element English language
General subdivision Rhetoric.
942 ## - ADDED ENTRY ELEMENTS (KOHA)
Source of classification or shelving scheme Dewey Decimal Classification
Koha item type Books
Holdings
Source of classification or shelving scheme Damaged status Not for loan Home library Current library Shelving location Total Checkouts Full call number Barcode Date last seen Copy number Koha item type
Dewey Decimal Classification     JCC Rouf Library JCC Rouf Library General Stacks   808/.0427 WAS 1978 12472 03/12/2018 C - 1 Books

JCC Library | Contacts | JCC Home

Last Update on 23 September 2017
Copyright @ 2017-2020 JCC Rouf Library
Rouf Library, Jhenidah Cadet College (JCC), Bangladesh